000 01437nam0a22003251 4500
001 rc\3177315
005 20150619162800.0
021 _aRU
_b[76-10099]
035 _a(NLR Aleph) 007331102
090 _a6010425
_c6010425
100 _a20120615d1976 |||y0rusy50 ca
101 0 _arus
102 _aRU
105 _aa z |||||
200 1 _aЭкспериментальная психофизиология в космических исследованиях
_fЛ.С. Хачатурьянц, Л.П. Гримак, Е.В. Хрунов
_gАН СССР, Ин-т психологии
210 _aМосква
_cНаука
_d1976
215 _a400 с.
_cил.
_d21
300 _aЗагл. корешка: Психофизиология в космических исследованиях
320 _aСписок лит.: с. 386-397 (270 назв.)
516 0 _aПсихофизиология в космических исследованиях
606 _aЛетчики-космонавты
_xПсихофизиология
_2psbo
700 1 _aХачатурьянц
_bЛ. С.
_gЛевон Суренович
701 1 _aГримак
_bЛ. П.
_f1931-2008
_gЛеонид Павлович
_3RU\NLR\AUTH\770146272
701 1 _aХрунов
_bЕ. В.
_gЕвгений Васильевич
801 0 _aRU
_bNLR
_gpsbo
801 1 _aRU
_bELAR
_2rusmarc
852 _aNLR
_j76-5/2333
942 _cBOOK
980 _aNB